[Event "Abu Dhabi op 23rd"]
[Site "Abu Dhabi"]
[Date "2015.08.31"]
[Round "9"]
[White "Saleh, Nabil"]
[Black "Derakhshani, Borna"]
[Result "1/2-1/2"]
[WhiteElo "2249"]
[BlackElo "2016"]
[PlyCount "108"]
[EventDate "2015.08.23"]
[EventType "swiss"]
[EventRounds "9"]
[EventCountry "UAE"]
[SourceTitle "EXT 2016"]
[Source "ChessBase"]
[SourceDate "2015.10.08"]
[SourceVersion "1"]
[SourceVersionDate "2015.10.08"]
[SourceQuality "1"]

1. d4 Nf6 2. Nf3 e6 3. Bg5 h6 4. Bf4 Ne4 5. h3 b6 6. e3 Bb7 7. Bd3 Ng5 8. Nbd2 d5 9. 0-0 Bd6 10. Ne5 0-0 11. c3 Nd7 12. Bxg5 hxg5 13. Qh5 f5 14. Nxd7 Qxd7 15. Qxg5 Rf6 16. f4 Raf8 17. Nf3 Qe8 18. Ne5 Bxe5 19. fxe5 Rg6 20. Qf4 Qe7 21. Kh2 Rh6 22. a4 a6 23. Rf3 g5 24. Qg3 Rf7 25. Kg1 Rg7 26. Bxf5 exf5 27. Rxf5 Bc8 28. Rf2 g4 29. Qf4 Kh7 30. Kf1 Qe8 31. Ke2 gxh3 32. gxh3 Be6 33. Kd2 Rf7 34. Qg3 Rg7 35. Qf4 Rf7 36. Qg3 Rxf2+ 37. Qxf2 Qf7 38. Qxf7+ Bxf7 39. Rh1 Rg6 40. Kc2 Kg7 41. Rf1 Kf8 42. Rf3 Ke7 43. Kb3 Rh6 44. Rg3 Rh7 45. a5 Be6 46. axb6 cxb6 47. h4 Rxh4 48. Rg7+ Bf7 49. Rg3 Rh2 50. Rf3 Re2 51. Rf6 Be6 52. Rh6 Rf2 53. Rh8 Rf8 54. Rh7+ Rf7 1/2-1/2

[Event "Abu Dhabi op 23rd"]
[Site "Abu Dhabi"]
[Date "2015.08.27"]
[Round "6"]
[White "Sagar, Shah"]
[Black "Saleh, Nabil"]
[Result "1-0"]
[WhiteElo "2456"]
[BlackElo "2249"]
[PlyCount "71"]
[EventDate "2015.08.23"]
[EventType "swiss"]
[EventRounds "9"]
[EventCountry "UAE"]
[SourceTitle "EXT 2016"]
[Source "ChessBase"]
[SourceDate "2015.10.08"]
[SourceVersion "1"]
[SourceVersionDate "2015.10.08"]
[SourceQuality "1"]

1. c4 c6 2. Nc3 d5 3. e3 Nf6 4. Nf3 e6 5. b3 Nbd7 6. Qc2 Bd6 7. Bb2 0-0 8. Be2 a6 9. d4 e5 10. cxd5 cxd5 11. dxe5 Nxe5 12. 0-0 Re8 13. Rfd1 Nc6 14. Rac1 h6 15. Qb1 Be6 16. Qa1 Bf8 17. Na4 Ne4 18. Nd4 Bd7 19. Nc3 Nxd4 20. Rxd4 Bc6 21. Rcd1 Qg5 22. Bf3 Rad8 23. Bxe4 dxe4 24. Ne2 Rxd4 25. Bxd4 Bb5 26. Nf4 Bd6 27. Bf6 Qxf6 28. Qxf6 gxf6 29. Rxd6 Rc8 30. h4 Rc1+ 31. Kh2 Rc6 32. Rxc6 bxc6 33. Nh5 f5 34. Kg3 Kh7 35. Kf4 Kg6 36. Ng3 1-0

[Event "Dubai op 6th"]
[Site "Dubai"]
[Date "2004.04.20"]
[Round "2"]
[White "Salem, AR Saleh"]
[Black "Saleh, Nabil"]
[Result "0-1"]
[WhiteElo "2018"]
[BlackElo "2349"]
[PlyCount "50"]
[EventDate "2004.04.19"]
[EventType "swiss"]
[EventRounds "9"]
[EventCountry "UAE"]
[SourceTitle "CBM 101"]
[Source "ChessBase"]
[SourceDate "2004.07.27"]
[SourceVersion "1"]
[SourceVersionDate "2004.07.27"]
[SourceQuality "1"]

1. d4 Nf6 2. c4 e6 3. Nf3 d5 4. Nc3 dxc4 5. e3 a6 6. Bxc4 b5 7. Bd3 c5 8. a4 b4 9. Ne4 Nbd7 10. dxc5 Bxc5 11. Qc2 Qe7 12. Bd2 Bb7 13. Rc1 Nxe4 14. Bxe4 Bxe4 15. Qxe4 0-0 16. 0-0 Rfc8 17. Rc2 Nf6 18. Qh4 Qb7 19. Rfc1 Be7 20. Qf4 Rxc2 21. Rxc2 Rc8 22. Rxc8+ Qxc8 23. h3 Nd5 24. Qe4 h6 25. Qe5 Qc6 0-1

[Event "Asia Cities-ch 14th"]
[Site "Tagaytay City"]
[Date "2004.03.22"]
[Round "2.3"]
[White "Saleh, Nabil"]
[Black "Jones, Brian"]
[Result "1-0"]
[WhiteElo "2349"]
[BlackElo "2176"]
[PlyCount "85"]
[EventDate "2004.03.21"]
[EventType "team"]
[EventRounds "9"]
[EventCountry "PHI"]
[SourceTitle "CBM 099 Extra"]
[Source "ChessBase"]
[SourceDate "2004.05.04"]
[SourceVersion "1"]
[SourceVersionDate "2004.05.04"]
[SourceQuality "1"]
[WhiteTeam "Dubai"]
[BlackTeam "Sydney"]
[WhiteTeamCountry "UAE"]
[BlackTeamCountry "AUS"]

1. d4 Nf6 2. Nf3 g6 3. g3 Bg7 4. Bg2 0-0 5. c4 d6 6. 0-0 Nc6 7. Nc3 a6 8. h3 Rb8 9. e4 b5 10. cxb5 axb5 11. Re1 b4 12. Nd5 Bd7 13. Bg5 Rb5 14. Qd3 Na5 15. Rac1 Nxd5 16. exd5 f6 17. Bd2 Rf7 18. Nh2 f5 19. Nf3 h6 20. Nh2 Qb8 21. h4 Qa7 22. Be3 Rb7 23. Qd2 Qa6 24. b3 Qb6 25. Nf3 Kh7 26. h5 gxh5 27. Nh4 Rf6 28. Bf3 Qb5 29. Bf4 Bf8 30. Re2 c6 31. Rce1 Be8 32. Re6 Bf7 33. Rxf6 exf6 34. Qc2 cxd5 35. Qxf5+ Kg8 36. Qxf6 Qd3 37. Bxh6 Bxh6 38. Qxh6 Qxd4 39. Nf5 Qc3 40. Rc1 Qe5 41. Rc8+ Be8 42. Rxe8+ Qxe8 43. Bxd5+ 1-0

[Event "Dubai op 5th"]
[Site "Dubai"]
[Date "2003.04.29"]
[Round "9"]
[White "Saleh, Nabil"]
[Black "Kharlov, Andrei"]
[Result "0-1"]
[WhiteElo "2304"]
[BlackElo "2581"]
[PlyCount "64"]
[EventDate "2003.04.20"]
[EventType "swiss"]
[EventRounds "9"]
[EventCountry "UAE"]
[SourceTitle "CBM 093 Extra"]
[Source "ChessBase"]
[SourceDate "2003.05.09"]
[SourceVersion "1"]
[SourceVersionDate "2003.05.09"]
[SourceQuality "1"]

1. d4 d5 2. Nf3 Nf6 3. c4 e6 4. Nc3 dxc4 5. e4 Bb4 6. Bg5 c5 7. Bxc4 cxd4 8. Nxd4 Nbd7 9. 0-0 Bxc3 10. bxc3 Qa5 11. Nb5 0-0 12. Bf4 e5 13. Bc1 Nb6 14. Be2 Bd7 15. Qb3 Nxe4 16. Ba3 Bxb5 17. Bxb5 Nd2 18. Qb2 Ndc4 19. Bxc4 Nxc4 20. Bb4 Nxb2 21. Bxa5 Nc4 22. Bb4 Rfd8 23. Rfd1 Nb2 24. Rxd8+ Rxd8 25. Kf1 f6 26. Ke2 Kf7 27. Bc5 b6 28. Be3 Nc4 29. Rb1 Ke6 30. Rb4 Rc8 31. Bc1 Nd6 32. Bd2 Rc4 0-1

[Event "Dubai op 5th"]
[Site "Dubai"]
[Date "2003.04.25"]
[Round "5"]
[White "Ahmed, Ishaq"]
[Black "Saleh, Nabil"]
[Result "0-1"]
[WhiteElo "1944"]
[BlackElo "2304"]
[PlyCount "78"]
[EventDate "2003.04.20"]
[EventType "swiss"]
[EventRounds "9"]
[EventCountry "UAE"]
[SourceTitle "CBM 093 Extra"]
[Source "ChessBase"]
[SourceDate "2003.05.09"]
[SourceVersion "1"]
[SourceVersionDate "2003.05.09"]
[SourceQuality "1"]

1. e4 Nf6 2. e5 Nd5 3. c4 Nb6 4. d4 d6 5. exd6 cxd6 6. Nf3 Bg4 7. Be2 e6 8. 0-0 Be7 9. Nc3 0-0 10. Be3 Nc6 11. b3 d5 12. cxd5 Nxd5 13. Nxd5 Qxd5 14. Qd2 Rfd8 15. Rfd1 Rac8 16. Qb2 Nb4 17. a3 Rc2 18. Qb1 Rxe2 19. axb4 Bf5 20. Qc1 Bxb4 21. Qc4 Qxc4 22. bxc4 a5 23. d5 Bc3 24. dxe6 Rxd1+ 25. Rxd1 fxe6 26. Rd8+ Kf7 27. Rd7+ Ke8 28. Rxb7 Rb2 29. Rxb2 Bxb2 30. Nd4 a4 31. Nb5 a3 32. Bd4 e5 33. Bxe5 Bxe5 34. Nxa3 Kd7 35. g3 Bb2 36. Nb5 Bd3 37. Kg2 Bxc4 38. Na7 Bd4 39. f4 Bxa7 0-1

[Event "Asia-ch 4th"]
[Site "Doha"]
[Date "2003.03.02"]
[Round "9"]
[White "Saleh, Nabil"]
[Black "Ayyad, Maher"]
[Result "1-0"]
[WhiteElo "2324"]
[BlackElo "2200"]
[PlyCount "79"]
[EventDate "2003.02.22"]
[EventType "swiss"]
[EventRounds "9"]
[EventCountry "QAT"]
[SourceTitle "CBM 094"]
[Source "ChessBase"]
[SourceDate "2003.05.26"]
[SourceVersion "1"]
[SourceVersionDate "2003.05.26"]
[SourceQuality "1"]

1. d4 d5 2. Nf3 e6 3. c4 Nf6 4. Bg5 c6 5. Qc2 h6 6. Bxf6 Qxf6 7. Nc3 Bd6 8. cxd5 exd5 9. Nxd5 Qd8 10. Nc3 0-0 11. e3 Bg4 12. Be2 Nd7 13. h3 Bh5 14. 0-0 Qe7 15. Rfe1 Rfe8 16. Nd2 Bxe2 17. Rxe2 Nf8 18. Nce4 Bb4 19. Ng3 Bxd2 20. Rxd2 Ng6 21. Qc5 Qxc5 22. dxc5 Rad8 23. Rad1 Rxd2 24. Rxd2 Re5 25. Rd8+ Kh7 26. Rd7 Re7 27. Rxe7 Nxe7 28. Ne4 Kg6 29. Kf1 b6 30. Ke2 Kf5 31. cxb6 axb6 32. Nc3 Ke6 33. Kd3 f5 34. Kd4 Nc8 35. Na4 Kd6 36. b4 Ke6 37. f3 g5 38. g4 Kf6 39. Nb2 Nd6 40. a4 1-0

[Event "Arab-ch"]
[Site "Casablanca"]
[Date "2002.08.27"]
[Round "2"]
[White "Hamdouchi, Hicham"]
[Black "Saleh, Nabil"]
[Result "1-0"]
[WhiteElo "2570"]
[BlackElo "2234"]
[PlyCount "45"]
[EventDate "2002.08.26"]
[EventType "swiss"]
[EventRounds "9"]
[EventCountry "MAR"]
[SourceTitle "CBM 090 Extra"]
[Source "ChessBase"]
[SourceDate "2002.11.07"]
[SourceVersion "1"]
[SourceVersionDate "2002.11.07"]
[SourceQuality "1"]

1. e4 c6 2. c4 d5 3. cxd5 cxd5 4. exd5 Nf6 5. Nc3 Nxd5 6. Nf3 Nxc3 7. bxc3 g6 8. Bb5+ Nd7 9. 0-0 Bg7 10. Re1 0-0 11. d4 a6 12. Ba4 b5 13. Bb3 Bb7 14. Ba3 Bf6 15. Ne5 Nxe5 16. dxe5 Qxd1 17. Raxd1 Bg5 18. h4 Bxh4 19. g3 Bg5 20. f4 Bh6 21. e6 f5 22. Bxe7 Rfe8 23. Bf6 1-0

[Event "Arab-ch"]
[Site "Casablanca"]
[Date "2002.08.26"]
[Round "1"]
[White "Saleh, Nabil"]
[Black "Eid, Fadi"]
[Result "1/2-1/2"]
[WhiteElo "2234"]
[BlackElo "2384"]
[PlyCount "28"]
[EventDate "2002.08.26"]
[EventType "swiss"]
[EventRounds "9"]
[EventCountry "MAR"]
[SourceTitle "CBM 090 Extra"]
[Source "ChessBase"]
[SourceDate "2002.11.07"]
[SourceVersion "1"]
[SourceVersionDate "2002.11.07"]
[SourceQuality "1"]

1. d4 Nc6 2. Nf3 d5 3. Bf4 Bg4 4. e3 e6 5. Be2 Bd6 6. Nbd2 Nf6 7. 0-0 0-0 8. Bg5 h6 9. Bh4 Be7 10. c4 Nd7 11. cxd5 exd5 12. Bg3 Nb6 13. Rc1 Bd6 14. Nb3 Bxf3 1/2-1/2

[Event "UAE President Cup"]
[Site "Abu Dhabi"]
[Date "2001.09.16"]
[Round "5"]
[White "Saleh, Nabil"]
[Black "Al Huwar, Jasem"]
[Result "1/2-1/2"]
[WhiteElo "2230"]
[BlackElo "2293"]
[PlyCount "104"]
[EventDate "2001.09.12"]
[EventType "swiss"]
[EventRounds "9"]
[EventCountry "UAE"]
[SourceTitle "CBM 084 Extra"]
[Source "ChessBase"]
[SourceDate "2001.10.26"]
[SourceVersion "1"]
[SourceVersionDate "2001.10.26"]
[SourceQuality "1"]

1. d4 d6 2. g3 g6 3. Bg2 Bg7 4. Nf3 Nd7 5. 0-0 e5 6. c4 Ne7 7. Nc3 0-0 8. e4 c5 9. d5 h6 10. Ne1 f5 11. Nd3 g5 12. f4 exf4 13. gxf4 g4 14. e5 dxe5 15. fxe5 Nxe5 16. Nxe5 Bxe5 17. Bxh6 Rf7 18. Qd2 Ng6 19. Rae1 Qh4 20. Rxe5 Nxe5 21. Bf4 Nf3+ 22. Bxf3 gxf3 23. Rxf3 Rg7+ 24. Rg3 Bd7 25. Be5 Rxg3+ 26. hxg3 Qh5 27. d6 Bc6 28. Nd5 Kf7 29. Qf4 Rg8 30. Ne7 Rg4 31. Qxf5+ Qxf5 32. Nxf5 Rg5 33. d7 Bxd7 34. Nd6+ Ke6 35. Bf4 Rh5 36. Nxb7 Bc6 37. Nd8+ Kd7 38. Nxc6 Kxc6 39. Kg2 Rh7 40. g4 Rd7 41. g5 Rd4 42. Kf3 Rxc4 43. g6 Rd4 44. g7 Rd8 45. Be5 Kd5 46. Kf4 Ke6 47. Bc3 Rg8 48. Kg5 Kf7 49. Kh6 Rd8 50. Kh7 Re8 51. b3 Rc8 52. Be5 Rg8 1/2-1/2